Statistics for happiness - Taylor Swift (All Lyrics)

Click here to take the quiz!

General Stats

  • This quiz has been taken 17 times
  • The average score is 360 of 431

Answer Stats

Lyrics% Correct
a
100%
after
100%
After
100%
be
100%
because
100%
But
100%
happiness
100%
I
100%
of
100%
the
100%
there
100%
There
100%
was
100%
You
100%
you
100%
and
94%
And
94%
Is
94%
is
94%
it,
94%
it
94%
by
88%
can
88%
for
88%
In
88%
in
88%
like
88%
look
88%
me,
88%
me
88%
my
88%
on
88%
see
88%
There'll
88%
to
88%
your
88%
above
82%
All
82%
all
82%
at
82%
Both
82%
did
82%
eyes
82%
from
82%
From
82%
haven't
82%
I'm
82%
it's
82%
met
82%
new
82%
smile
82%
That
82%
that
82%
these
82%
things
82%
things,
82%
this
82%
too
82%
trees
82%
true
82%
what
82%
When
82%
when
82%
where
82%
Who
82%
yet
82%
behind
76%
blood
76%
can't
76%
curses
76%
do
76%
give
76%
given
76%
history,
76%
Honey,
76%
hurt
76%
hurt?
76%
Leave
76%
leave
76%
lifetime
76%
loved
76%
No,
76%
No
76%
our
76%
smirk?
76%
start
76%
Tell
76%
winning
76%
years
76%
Begin
71%
Beyond
71%
cries
71%
dancing
71%
deepest
71%
didn't
71%
dress
71%
fury
71%
get
71%
glorious
71%
great
71%
had
71%
into
71%
know
71%
light
71%
midnight,
71%
music
71%
night,
71%
now
71%
Past
71%
right
71%
she'll
71%
shit
71%
Showed
71%
spot
71%
stopped
71%
sunrise
71%
takes
71%
through
71%
wore
71%
would've
71%
away
65%
beautiful
65%
believe
65%
best
65%
body
65%
divide
65%
Every
65%
facts
65%
fake
65%
flickers
65%
fool
65%
forgiveness
65%
go
65%
goddamn
65%
good
65%
guess
65%
head
65%
heaven
65%
hiding
65%
him
65%
hope
65%
hurts
65%
I've
65%
just
65%
lay
65%
lessons
65%
make
65%
making
65%
man
65%
mean
65%
mine
65%
next
65%
pillow
65%
price
65%
rain
65%
seven
65%
Sorry,
65%
spots
65%
think
65%
used
65%
weapons
65%
acid
59%
bruise
59%
down
59%
face
59%
giving
59%
green
59%
Haunted
59%
nightfall
59%
Oh,
59%
one
59%
Pointed
59%
pulled
59%
reinvention
59%
teaches
59%
villain
59%
want
59%
we're
59%
across
53%
disbelief,
53%
leak
53%
niceties
53%
paid
53%
terror
53%
up
53%
Dappled
47%
dividin'
47%
with
47%

Score Distribution

Percentile by Number Answered

Percent of People with Each Score

Your Score History

You have not taken this quiz